Aktuálne informácie o správnych poplatkoch
Vyberanie správnych poplatkov orgánmi štátnej správy, obcí, štátnych archívov a zastupiteľských úradov SR za vykonané úkony. Úprava zákonom č.320/1992 Zb. o správnych poplatkoch v znení zákona č.181/1993 Z.z. a sadzobníkom správnych poplatkov. Spôsoby úhrady poplatku (hotovosť, kolok, poštová poukáž...
Saved in:
| Main Author: | |
|---|---|
| Format: | Book Chapter |
| Language: | Slovak |
| Subjects: | |
| Tags: |
No Tags, Be the first to tag this record!
|
MARC
| LEADER | 00000naa a2200000 4500 | ||
|---|---|---|---|
| 001 | r016721 | ||
| 005 | 20221213100108.3 | ||
| 041 | 0 | |a slo | |
| 044 | |a SK | ||
| 245 | 1 | 0 | |a Aktuálne informácie o správnych poplatkoch |c Katarína Krkanová |
| 520 | |a Vyberanie správnych poplatkov orgánmi štátnej správy, obcí, štátnych archívov a zastupiteľských úradov SR za vykonané úkony. Úprava zákonom č.320/1992 Zb. o správnych poplatkoch v znení zákona č.181/1993 Z.z. a sadzobníkom správnych poplatkov. Spôsoby úhrady poplatku (hotovosť, kolok, poštová poukážka). Vrátenie poplatku. Oslobodenie od povinnosti platenia správnych poplatkov. | ||
| 610 | 2 | 0 | |a poplatky |
| 610 | 2 | 0 | |a poplatky správne |
| 610 | 2 | 0 | |a správa štátna |
| 610 | 2 | 0 | |a správa miestna |
| 610 | 2 | 0 | |a orgány štátne |
| 610 | 2 | 0 | |a predpisy právne |
| 610 | 2 | 0 | |a zákony |
| 610 | 2 | 0 | |a Slovensko |
| 100 | 1 | |a Krkanová, Katarína | |